Alkuaineet, joilla on lyhyet nimet - Statistics

Yleistilastot
  • Tätä visaa on pelattu 969 kertaa
  • Keskiarvotulos 13 / 18
Vastaustilastot
# Merkki Alkuaine % Oikein
5 O Happi
96%
5 Au Kulta
92%
4 H Vety
90%
5 Ag Hopea
87%
5 Fe Rauta
87%
5 N Typpi
86%
5 C Hiili
84%
4 Ne Neon
76%
3 Si Pii
76%
5 Ar Argon
66%
5 S Rikki
66%
5 B Boori
65%
4 I Jodi
65%
4 Sn Tina
64%
5 Pb Lyijy
62%
5 Cr Kromi
61%
5 Br Bromi
59%
5 Rn Radon
52%
Ehtoja vastaavia visoja ei löytynyt
Tulosjakauma
Jokaisen tuloksen saaneiden osuus
Persentiili vastausten määrän mukaan
Tuloshistoriasi
Et ole pelannut tätä visaa